عرض عادي
عرض مارك
- Causation.
مدخل مصطلح موضوعي
001 - رقم الضبط
- حقل الضبط: 41776
003 - معرف رقم الضبط
- حقل الضبط: OSt
005 - تاريخ ووقت أخر عملية
- حقل الضبط: 20140108170328.0
008 - عناصر بيانات ثابتة الطول
- حقل تحكم ثابت الطول: 140108|||a|||||| | ||| d
040 ## - مصدر الفهرسة
- هيئة الفهرسة الأصلية: OSt
- وكالة الكتابة: OSt
150 ## - مدخل-- مصطلح تاريخي
- عنصر مدخل المصطلح الموضوعي او الاسم الجغرافي: Causation.
670 ## - بيانات المصدر موجوده
- الاستشهاد بالمصدر: Work cat.: (OSt)0: Steward, Helen. 41774, A metaphysics for freedom /, 2012.
